000 00264nam a2200109Ia 4500
008 190911s9999||||xx |||||||||||||| ||und||
100 _aFederal Public Service
245 0 _aAnnual Report 1998
260 _aIslamabad
_bRoyal Book
_c1998
300 _a115
942 _cBK
999 _c6925
_d6925